Statistiques concernant Les Pokémons de type Sol

Cliquez ici pour prendre le quiz!

Statistiques générales

  • Ce quiz a été pris 308 fois
    (177 depuis la dernière actualisation)
  • Le résultat moyen est 57 sur 75

Statistiques - réponses

GenType 1Type 2Pokémon% Correct
I075SolRocheGravalanch
96%
I076SolRocheGrolem
96%
I074SolRocheRacaillou
96%
I095SolRocheOnix
94%
I027SolSabelette
93%
I028SolSablaireau
93%
I050SolTaupiqueur
91%
I050SolAcierTaupiqueur
91%
I051SolTriopikeur
89%
I051SolAcierTriopikeur
89%
II221SolGlaceCochignon
88%
II220SolGlaceMarcacrin
88%
II208SolAcierSteelix
88%
IV445SolDragonCarchacrok
87%
III323SolFeuCamérupt
86%
IV444SolDragonCarmache
86%
III322SolFeuChamallot
86%
IV443SolDragonGriknot
86%
III330SolDragonLibégon
86%
IV473SolGlaceMammochon
85%
I034SolPoisonNidoking
85%
I031SolPoisonNidoqueen
85%
V552SolTénèbresEscroco
84%
V551SolTénèbresMascaïman
84%
II207SolVolScorplane
84%
IV472SolVolScorvol
84%
V553SolTénèbresCrocorible
83%
I111SolRocheRhinocorne
83%
I112SolRocheRhinoféros
83%
III329SolDragonVibraninf
83%
II195SolEauMaraiste
82%
II194SolEauAxoloto
81%
V618SolElectrikLimonde
80%
V618SolAcierLimonde
80%
III383SolGroudon
78%
III344SolPsyKaorine
78%
III328SolKraknoix
78%
III260SolEauLaggron
78%
IV464SolRocheRhinastoc
78%
III343SolPsyBalbuto
77%
III340SolEauBarbicha
77%
III259SolEauFlobio
77%
IV449SolHippopotas
77%
III339SolEauBarloche
76%
IV450SolHippodocus
76%
I104SolOsselait
76%
V623SolSpectreGolemastoc
75%
V622SolSpectreGringolem
75%
V530SolAcierMinotaupe
75%
I105SolOssatueur
75%
IV493SolArceus
74%
V529SolRototaupe
74%
II246SolRocheEmbrylex
73%
V537SolEauCrapustule
72%
III290SolInsecteNingale
72%
II247SolRocheYmphect
72%
V536SolEauBatracné
71%
IV389SolPlanteTorterra
71%
V645SolVolDémétéros
68%
IV423SolEauTritosor
66%
VII770SolSpectreTrépassable
65%
VI718SolDragonZygarde
64%
VII769SolSpectreBacabouh
62%
II232SolDonphan
62%
II231SolPhanpy
62%
IV413SolInsecteCheniselle
60%
VI660SolNormalExcavarenne
60%
VII773SolSilvallié
57%
V562SolSpectreTutafeh
52%
VIII867SolSpectreTutétékri
47%
VII750SolBourrinos
46%
VII749SolTiboudet
46%
VIII844SolDunaconda
45%
VIII843SolDunaja
45%
VIII901SolNormalUrsaking
36%

Distribution des résultats

Percentile par nombre de réponses

% des personnes avec chaque résultat

Votre développement - résultats

Vous n’avez pas pris ce quiz depuis la dernière actualisation